000 01030nam0a2200301 4500
001 RU\NLR\BIBL_A\011781691
005 20220604153923.0
010 _a978-5-6040948-6-0
_98000
021 _aRU
_bКН-П-18-054905
_9КН-П-18-3957
035 _a(NLR Aleph) 011781691
035 _a(RuMoRGB)009700615
090 _a11780044
_c11780044
100 _a20180904d2018 u y0rusy50 ca
101 0 _arus
102 _aRU
105 _ay|||zzzz000ay
200 1 _aИгра по-крупному
_eроман
_fРонда Грей
210 _aМосква
_cГолден Пресс
_d[2018]
215 _a189, [1] с.
_d17
225 1 _aПанорама романов о любви
_eпериодический литературно-художественный альманах
_v18-25
333 _a16+
686 1 _aШ6(4Вл)67-440.4{Лх1299-50}
700 1 _aГрей
_bР.
_gРонда
942 _cBOOK
980 _aNBR
980 _aNB